000 00514 a2200181 4500
005 20260210105140.0
008 260209b |||||||| |||| 00| 0 eng d
020 _a9789388269445
_cRs. 1200.00
040 _aMAIN
082 _a796.07028
_bV321S
100 _aVankhede, Santosh Kumar
245 _aSheshik takniki tatha sharirik shiksha me shikshan vidhiya
260 _bSports Publications
_c2026
_aNew Delhi
300 _a248
650 _aPhysical Education
650 _aSports- Teaching
942 _cBK
999 _c394137
_d394137